书目信息 |
| 题名: |
猪尾巴的功能
|
|
| 作者: | 黄明耀 著 | |
| 分册: | ||
| 出版信息: | 青岛 青岛出版社 2005.1 |
|
| 页数: | 174页 | |
| 开本: | 23cm | |
| 丛书名: | 赢在当下书系 | |
| 单 册: | ||
| 中图分类: | B026-49 | |
| 科图分类: | ||
| 主题词: | 工作方法--gong zuo fang fa--通俗读物 | |
| 电子资源: | ||
| ISBN: | 7-54363268-3 | |
| 000 | 01182oam2 2200301 450 | |
| 001 | 012005000000 | |
| 005 | 20061031103234.96 | |
| 010 | @a7-54363268-3@dCNY16.80 | |
| 100 | @a20060119d2005 em y0chiy0121 ea | |
| 101 | 0 | @achi |
| 102 | @aCN@b110000 | |
| 105 | @af z 000yy | |
| 200 | 1 | @a猪尾巴的功能@Azhu wei ba de gong neng@e爱上工作的72心法@d= Don't shake the tail as a pig@f黄明耀著@zeng |
| 210 | @a青岛@c青岛出版社@d2005.1 | |
| 215 | @a174页@c图@d23cm | |
| 225 | 2 | @a赢在当下书系@Aying zai dang xia shu xi |
| 306 | @a台湾汉湘文化事业有限公司授权出版 | |
| 314 | @a黄明耀,人力资源学、经济学硕士,长年在各大、中型公司担任人力资源部门总监,著有《猪尾巴的功能——爱上工作的72心法》等。 | |
| 330 | @a生活需要技巧,工作当然也不例外,本书通过多个小故事,以讲究效率、善于思考、把握机遇、心态健康四个发面介绍了工作的方法。 | |
| 461 | 0 | @12001 @a赢在当下书系 |
| 510 | 1 | @aDon't shake the tail as a pig@zeng |
| 517 | 1 | @a爱上工作的72心法@Aai shang gong zuo de 72 xin fa |
| 606 | 0 | @a工作方法@Agong zuo fang fa@j通俗读物 |
| 690 | @aB026-49@v4 | |
| 701 | 0 | @a黄明耀@Ahuang ming yao@4著 |
| 801 | 0 | @aCN@c20061031 |
| 905 | @a10447@dB026-49@eH860 | |
| 999 | @adxy@bBL | |
| 猪尾巴的功能:爱上工作的72心法= Don't shake the tail as a pig/黄明耀著.-青岛:青岛出版社,2005.1 |
| 174页:图;23cm.-(赢在当下书系) |
| ISBN 7-54363268-3:CNY16.80 |
| 生活需要技巧,工作当然也不例外,本书通过多个小故事,以讲究效率、善于思考、把握机遇、心态健康四个发面介绍了工作的方法。 |
| ● |
| 相关链接 |
|
|
|
正题名:猪尾巴的功能
索取号:B026-49/H860
 
预约/预借
| 序号 | 登录号 | 条形码 | 馆藏地/架位号 | 状态 | 备注 |
| 1 | 631518 | 206315183 | 社科库509/509社科库 7排3列2层/ [索取号:B026-49/H860] | 在馆 | |
| 2 | 631519 | 206315192 | 社科库509/509社科库 7排3列2层/ [索取号:B026-49/H860] | 在馆 | |
| 3 | 631520 | 206315209 | 社科库509/509社科库 7排3列2层/ [索取号:B026-49/H860] | 在馆 |